Quizzes
Events
Quiz Creation
Community
Videos
Private Events
Remove Ads
Sign In
Join for FREE
Feedback
Dark Mode
Quiz Categories
Sports
Geography
Music
Movies
Television
Just For Fun
Miscellaneous
History
Literature
Language
Science
Gaming
Entertainment
Religion
Holiday
For Kids
Quiz Lab
Recent
Popular Today
Quiz Kudos Today
Editor Picks
Curator Picks
Quizzes by...
Day
Popularity
Type
Ratings
Length
Year
Community
Subscriptions
Recent Discussions
Orange Saloon
Badges
Playlists
Quests
Create
Leaderboards
Showdown
Live 5
Trivia Bingo
Activity
Puzzle Library
Sporcle Events
Private Events
Virtual Trivia
Globe League
Become a Host
Pub Owners
SporcleCon
Opinionation
Our Games
Videos
Blog
Mobile Apps
Partnerships
Remove Ads and Go Orange
Feedback
Language
Vocabulary
Begins and Ends
Definition
Spanish
French
German
Italian
Chinese
Latin
Translation
Japanese
Language
Vocabulary
Begins and Ends
Definition
Spanish
French
German
Italian
Chinese
Latin
Translation
Japanese
Random Quiz
Search Sporcle
×
Quiz Lab
Quiz Lab
Language
Latin
Type in answers that appear in a list
Type in answers that appear in a list
Classic
Best Score? Go Orange.
Latin Third-person Pronouns Stats
Can you name the Latin Third-person Pronouns?
By
plbouck
3m
30 Questions
1,640 Plays
1,640 Plays
1,640 Plays
Comments
Comments
Give Quiz Kudos
Give Quiz Kudos
-
- Ratings
hide this ad
Forced Order
Answers have to be entered in order
Answers have to be entered in order
Replay
Link that replays current quiz
Next Quiz
Link to next quiz in quiz playlist
You Got
0%
They Got
Avg Score
81%
Avg Friend Score
Upgrade to see
Score Distribution
Jump to the score distribution portion of the page
Score
0/30
Timer
03:00
0
Plays Today
Gender and Number
Pronoun
% Correct
Masc. Sing.
is
98.2%
Masc. Sing.
eius
93.8%
Masc. Sing.
eī
93%
Fem. Sing.
ea
91.2%
Masc. Sing.
eō
88.9%
Neut. Sing.
id
88.7%
Masc. Sing.
eum
88.5%
Fem. Sing.
eī
88.1%
Fem. Sing.
eius
88%
Fem. Sing.
eā
86.2%
Neut. Sing.
eī
86.2%
Fem. Sing.
eam
86.2%
Neut. Sing.
eius
86.2%
Neut. Sing.
id
84.6%
Neut. Sing.
eō
83.2%
Gender and Number
Pronoun
% Correct
Masc. Plur.
eī
79%
Masc. Plur.
eōrum
78.7%
Masc. Plur.
eīs
77.4%
Masc. Plur.
eīs
75.8%
Fem. Plur.
eārum
75.8%
Fem. Plur.
eae
75.7%
Fem. Plur.
eīs
75.1%
Masc. Plur.
eōs
74.9%
Fem. Plur.
eīs
74.1%
Neut. Plur.
eōrum
74%
Neut. Plur.
ea
73.9%
Fem. Plur.
eās
73.5%
Neut. Plur.
eīs
73.5%
Neut. Plur.
eīs
72%
Neut. Plur.
ea
72%
Quiz Playlist
Details
Report
Send in Message
Add To Playlist
Classic:
Type in answers that appear in a list
Forced Order:
Answers have to be entered in order
Last Updated: Feb 16, 2017
Quiz Scoreboard
CHALLENGE
Sign Up to Join the Scoreboard
Show All
Scores
Hide
Comments
May contain spoilers
Recently Published
Billboard Blitz: Fleetwood Mac
by CooCooCachoo
Music
15s
Presidents Visiting Landmarks
by Hejman
History
7m
An Introduction to Baseball
by treessimontrees
Sports
5m
More to Explore
Quiz From the Vault
Featured Blog Post
Where Did the Easter Bunny Come From?
hide this ad
You Might Also Like...
Tags
Latin Quiz
Gender
pronoun
Today's Top Quizzes in Language
Browse Language
hide this ad
Today's Top Quizzes in Latin
Browse Latin
Top Contributed Quizzes in Language
1
1-10 Letter F Words III
2
1-10 Letter G Words III
3
Order Up: Top 10 Most Native Spoken Languages
4
1-10 Letter H Words III
5
Alphabetize! : 'As' words
6
One Thing in Common: Italy
7
1-10 Letter I Words III
8
Weisst du, aus welchen Sprachen diese Wörter stammen?
9
1-10 Letter J Words III
10
Celtic Nations in their Language
Explore More
Trending Topics
NBA
Anime
Marvel
Disney
Kpop
Harry Potter
Crossword
Country
NFL
Soccer
The Office
Puzzle
Song
Pokémon
WWE
hide this ad
More By:
plbouck
Quiz
Plays
Rating
Category
Featured
Created
Qui Quae Quod
13,223
4.75
Language
Jan 26, 2012
Latin Third-person Pronouns
1,640
4.25
Language
May 3, 2011
Italia Antiqua
101
Geography
Oct 16, 2012
Cap. XXII et XXIII: Principal Parts
78
Language
Oct 23, 2012
Go to Creator's Profile
Score Distribution
Quiz Creator Spotlight
plbouck
Follow
Send a Message
Quizzes Created
-
Created Quiz Play Count
-
More By This Creator
Popular Quizzes Today
1
Find the US States - No Outlines Minefield
2
Find the Countries of Europe - No Outlines Minefield
3
The Countries of the World
4
Find the US States
5
Risky Map Clicking: Biggest States A-Z
6
US States
7
Popular People in 1961
8
Movies - When Are They Set?
More Language Quizzes
Sheepish Words
Published
Trending Quizzes
Risky Map Clicking: Least Populous States A-Z
1-10 Letter G Words
1-10 Letter F Words
Risky Map Clicking: Next State Alphabetically
Risky Map Clicking: Biggest States A-Z
Recently Updated
Leaping Animals
pecheneg
Reality TV Shows (A-Z)
bhenderson79
Rickey Henderson's Hall of Fame Teammates
pecheneg
Champions League XIs: Arsenal
pecheneg
Quick Pick: Celebrities in WWE's Hall of Fame
aduchscher
A-Z Keypad Blitz II
pecheneg
Multiple Oscar Actors
pecheneg
Mystery Phrase Blitz: Oscar 'Best Actors'
pecheneg
F. Scott Fitzgerald Novels
LTH
Pick 3 Villains
ddd62291
Trending Topics
Anime
NBA
Crossword
Harry Potter
Disney
Marvel
Kpop
Song
The Office
Pokémon
WWE
NFL
Puzzle
Soccer
Country
Your Account Isn't Verified!
In order to create a playlist on Sporcle, you need to verify the email address you used during registration. Go to your
Sporcle Settings
to finish the process.
Report this User
Report this user for behavior that violates our
Community Guidelines
.
Details:
Send Report
Go to the Sporcle.com Mobile Site →
Comments